| 000 | 01638nam a22002657a 4500 | ||
|---|---|---|---|
| 003 | Uzh_bibl | ||
| 008 | 260429b |||||||| |||| 00| 0 ukr d | ||
| 020 | _c1.80 | ||
| 040 | _aукр. | ||
| 041 |
_2ukr _aukr |
||
| 080 | _a821(477) | ||
| 090 |
_a821(477) _bМ 93 |
||
| 100 | _aМушкетик, Юрій | ||
| 245 |
_aЖорстоке милосердя. Міст через ніч _hТекст |
||
| 260 |
_aКиїв _bДніпро _c1983 |
||
| 300 |
_a438 с. _fВ опр. |
||
| 490 | _aСерія "Звитяга" | ||
| 520 | _aПодії Другої світової війни оживають на сторінках роману і повісті українського радянського письменника. Вони проходять крізь життя і свідомість героїв творів — людей мужніх, безстрашних, вольових, благородних і чесних, що здатні подолати будь-які перешкоди на шляху до звільнення Батьківщини, до щастя. | ||
| 521 | _aДля широкого кола читачів | ||
| 546 | _aукр. | ||
| 650 |
_aЛітературно-художнє видання _yПеріод Друга світова війна (1940-ві роки) _zУкраїна та окуповані території СРСР |
||
| 653 |
_aВійна _aГероїзм _aМужність _aБоротьба _aСамопожертва |
||
| 655 |
_aРоман і повість (воєнно-історична проза) _vРоман. Повість |
||
| 942 |
_2udc _cBK |
||
| 999 |
_c17562 _d17562 |
||